La didáctica y la dificultad en Matemática: Análisis de situaciones con falta de Aprendizaje / Bruno D. Amore Martha Isabel Fandeño Pinillo [et-al] (Registro nro. 11359)
[ vista simple ]
| 000 -LEADER | |
|---|---|
| fixed length control field | 00729nam a22002051a 4500 |
| 001 - CONTROL NUMBER | |
| control field | 11359 |
| 003 - CONTROL NUMBER IDENTIFIER | |
| control field | OSt |
| 005 - DATE AND TIME OF LATEST TRANSACTION | |
| control field | 20260204212240.0 |
| 008 - FIXED-LENGTH DATA ELEMENTS--GENERAL INFORMATION | |
| fixed length control field | 120823s2010||||ck ||||||b||||||||||spa|| |
| 020 ## - NUMERO DE LIBRO INTERNACIONAL NORMALIZADO | |
| International Standard Book Number | 9789582010089 |
| 050 ## - LIBRARY OF CONGRESS CALL NUMBER | |
| Classification number | 510.7 D562d |
| 245 ## - TÍTULO PROPIAMENTE DICHO: SUBTÍTULO | |
| Title | La didáctica y la dificultad en Matemática: Análisis de situaciones con falta de Aprendizaje / Bruno D. Amore Martha Isabel Fandeño Pinillo [et-al] |
| 264 ## - PRODUCTION, PUBLICATION, DISTRIBUTION, MANUFACTURE, AND COPYRIGHT NOTICE | |
| Place of production, publication, distribution, manufacture | Colombia: Magisterio editorial |
| 300 ## - PHYSICAL DESCRIPTION | |
| Extensión | 206 P |
| 490 ## - MENCIÓN DE SERIE | |
| Series statement | Didactica de las Matemáticas |
| 500 ## - GENERAL NOTE | |
| General note | Incluye bibliografía |
| 650 ## - ASIENTO SECUNDARIO DE MATERIA -- TERMINO TEMÁTICO | |
| Termino Temático Como Elemento de Entrada | Matemáticas - Enseñanza 2.Pedagogía |
| 700 ## - ASIENTO SECUNDARIO -- NOMBRE PERSONAL | |
| Personal name | D´Amore, Bruno II.Fondiño Martha Isabel III.Marazzani, Ines IV.Sbaragli, SilviaÌ |
| 942 ## - ADDED ENTRY ELEMENTS (KOHA) | |
| Source of classification or shelving scheme | Dewey Decimal Classification |
| Koha item type | Libros |
| Withdrawn status | Lost status | Source of classification or shelving scheme | Damaged status | Not for loan | Current library | Date acquired | Total Checkouts | Full call number | Barcode | Date last seen | Price effective from | Koha item type |
|---|---|---|---|---|---|---|---|---|---|---|---|---|
| Dewey Decimal Classification | Biblioteca UTECO | 09/09/2019 | 510.7 D562D | 016157 | 09/09/2019 | 09/09/2019 | Libros | |||||
| Dewey Decimal Classification | Biblioteca UTECO | 09/09/2019 | 510.7 D562D | 016158 | 09/09/2019 | 09/09/2019 | Libros | |||||
| Dewey Decimal Classification | Biblioteca UTECO | 09/09/2019 | 510.7 D562D | 016159 | 09/09/2019 | 09/09/2019 | Libros |
